MASSAGE FOR THERAPISTS: A GUIDE TO SOFT TISSUE THERAPY (Record no. 8594)

MARC details
000 -LEADER
fixed length control field 00472nam a22001817a 4500
005 - DATE AND TIME OF LATEST TRANSACTION
control field 20240902112257.0
008 - FIXED-LENGTH DATA ELEMENTS--GENERAL INFORMATION
fixed length control field 240831b |||||||| |||| 00| 0 eng d
020 ## - INTERNATIONAL STANDARD BOOK NUMBER
ISBN 978-1-4051-5916-6
041 ## - LANGUAGE CODE
Language code of text/sound track or separate title eng
082 ## - DEWEY DECIMAL CLASSIFICATION NUMBER
Classification number 615.822 HOL
100 ## - MAIN ENTRY--AUTHOR NAME
Personal name HOLLIS, MARGARET
245 ## - TITLE STATEMENT
Title MASSAGE FOR THERAPISTS: A GUIDE TO SOFT TISSUE THERAPY
250 ## - EDITION STATEMENT
Edition statement 2ND ED. 1998
260 ## - PUBLICATION, DISTRIBUTION, ETC. (IMPRINT)
Place of publication U.K.
Name of publisher WILEY BLACK WELL
Year of publication 2009
300 ## - PHYSICAL DESCRIPTION
Number of Pages 26;P
650 ## - SUBJECT ADDED ENTRY--TOPICAL TERM
Topical Term B.P.T
942 ## - ADDED ENTRY ELEMENTS (KOHA)
Koha item type Books
Holdings
Lost status Damaged status Collection code Home library Current library Shelving location Date acquired Source of acquisition Cost, normal purchase price Serial Enumeration / chronology Full call number Accession Number Koha item type
    PHYSIOTHERAPY JRU Library JRU Library SHELF-8-C 30/08/2024 PURCHASE 7047.00 NEW ARRIVALS SHELF 615.822 28332 Books